Agentovo-orientované softvérové inžinierstvo diplomová práca

Uložené v:
Podrobná bibliografia
Hlavný autor: Vitališová, Ivana
Korporativný autor: Fakulta hospodárskej informatiky EU. Katedra aplikovanej informatiky
Ďalší autori: Rakovská, Eva, 1963-
Médium: Kniha
Jazyk:Slovak
Vydavateľské údaje: Bratislava 2017
Tagy: Pridať tag
Žiadne tagy, Buďte prvý, kto otaguje tento záznam!

MARC

LEADER 00000nbm a2200000 4500
001 0233003
005 20180413101441.4
041 0 |a slo 
044 |a SK 
245 1 0 |a Agentovo-orientované softvérové inžinierstvo  |b diplomová práca  |c Ivana Vitališová ; školiteľ: Eva Rakovská 
264 1 |a Bratislava  |c 2017 
300 |a 61 s. 
100 1 |a Vitališová, Ivana 
700 1 |a Rakovská, Eva, 1963- 
710 2 |a Fakulta hospodárskej informatiky EU. Katedra aplikovanej informatiky